LEADER 01080nam0 2200277 i 450 001 SUN0035746 005 20140625025023.238 010 $a06-910878-2-2 100 $a20050503d1994 |0engc50 ba 101 $aeng 102 $aUS 105 $a|||| ||||| 200 1 $aControl of spacecraft and aircraft$fArthur E. Bryson, Jr 210 $aPrinceton$cPrinceton university$d1994 215 $aXXIII, 378 p.$cill.$d23 cm. 620 $aUS$dPrinceton$3SUNL000078 676 $a629.1326$v21 700 1$aBryson$b, Arthur E.$3SUNV030142$0728108 712 $aPrinceton university$3SUNV000300$4650 790 1$aBryson, Arthur Earl$zBryson, Arthur E.$3SUNV064729 801 $aIT$bSOL$c20181109$gRICA 912 $aSUN0035746 950 $aUFFICIO DI BIBLIOTECA DEI DIPARTIMENTI DI INGEGNERIA$d05 CONS C III 131 $e05 3136 995 $aUFFICIO DI BIBLIOTECA DEI DIPARTIMENTI DI INGEGNERIA$bIT-CE0100$h3136$kCONS C III 131$oc$qa 996 $aControl of spacecraft and aircraft$91422856 997 $aUNICAMPANIA LEADER 01218nam a2200301 i 4500 001 991000812699707536 005 20020507173916.0 008 971218s1973 uk ||| | eng 020 $a052120190X 035 $ab10760738-39ule_inst 035 $aLE01302704$9ExL 040 $aDip.to Matematica$beng 082 0 $a510 084 $aAMS 00A35 084 $aZDM D10 100 1 $aHowson, A. Geoffrey$0535079 245 10$aDevelopments in mathematical education :$bproceedings of the second International Congress on Mathematical Education /$cedited by A. G. Howson 260 $aCambridge :$bCambridge University Press,$c1973 300 $aix, 318 p. :$bdiagrs. ;$c22 cm. 500 $aIncludes bibliographical references and index 650 4$aMathematics-study and teaching$xCongresses 711 2 $aInternational congress on mathematical education <2. ; 1972 ; Exeter> 907 $a.b10760738$b21-09-06$c28-06-02 912 $a991000812699707536 945 $aLE013 D10 HOW11 (1973)$g1$i2013000093383$lle013$o-$pE0.00$q-$rl$s- $t0$u0$v0$w0$x0$y.i10855907$z28-06-02 996 $aDevelopments in mathematical education$9923042 997 $aUNISALENTO 998 $ale013$b01-01-97$cm$da $e-$feng$guk $h0$i1 LEADER 02308oas 2200733 a 450 001 9910146925703321 005 20260218111343.0 035 $a(OCoLC)232994494 035 $a(CONSER) 2008263399 035 $a(CKB)1000000000289630 035 $a(MiAaPQ)2029534 035 $a(DE-599)2227838-2 035 $a(EXLCZ)991000000000289630 100 $a20080701a20019999 sy 101 0 $apor 135 $aur||||||||||| 181 $ctxt$2rdacontent 182 $cc$2rdamedia 183 $acr$2rdacarrier 200 00$aEducac?a?o tema?tica digital $eETD 210 $aCampinas, Sa?o Paulo $cBiblioteca Prof. Joel Martins da Faculdade de Educac?a?o da Universidade Estadual de Campinas$d[2001]- 215 $a1 online resource 300 $aRefereed/Peer-reviewed 311 08$a1676-2592 517 1 $aETD 531 0 $aETD, Educ. Tema?t. Digit. 606 $aEducation$zBrazil$vPeriodicals 606 $aEducation$vPeriodicals 606 $aEducational technology$vPeriodicals 606 $aLibraries and education$vPeriodicals 606 $aEducation$2fast$3(OCoLC)fst00902499 606 $aEducational technology$2fast$3(OCoLC)fst00903623 606 $aLibraries and education$2fast$3(OCoLC)fst00997514 606 $aTechnologie e?ducative$vPe?riodiques 606 $aBibliothe?ques et e?ducation$vPe?riodiques 607 $aBrazil$2fast$1https://id.oclc.org/worldcat/entity/E39QbtfRB9KGtqfkFTFbfB77QY 608 $aPeriodicals.$2fast 615 0$aEducation 615 0$aEducation 615 0$aEducational technology 615 0$aLibraries and education 615 7$aEducation. 615 7$aEducational technology. 615 7$aLibraries and education. 615 6$aTechnologie e?ducative 615 6$aBibliothe?ques et e?ducation 712 02$aUniversidade Estadual de Campinas.$bFaculdade de Educac?a?o.$bBiblioteca Prof. Joel Martins. 801 0$bTXA 801 1$bTXA 801 2$bOCLCQ 801 2$bOCLCF 801 2$bCUS 801 2$bOCLCQ 801 2$bOCLCA 801 2$bSRU 801 2$bOCLCQ 801 2$bAUD 801 2$bOCLCL 801 2$bOCLCQ 801 2$bLVT 906 $aJOURNAL 912 $a9910146925703321 996 $aEducac?a?o tema?tica digital$92085151 997 $aUNINA